<?xml version="1.0" encoding="UTF-8"?>
<record
    xmlns:xsi="http://www.w3.org/2001/XMLSchema-instance"
    xsi:schemaLocation="http://www.loc.gov/MARC21/slim http://www.loc.gov/standards/marcxml/schema/MARC21slim.xsd"
    xmlns="http://www.loc.gov/MARC21/slim">

  <leader>01328nam a2200373 i 4500</leader>
  <controlfield tag="001">normy</controlfield>
  <controlfield tag="003">BPK</controlfield>
  <controlfield tag="005">20140522130415.0</controlfield>
  <controlfield tag="008">121231s        pl a   f u   |000 0 pol  </controlfield>
  <datafield tag="040" ind1=" " ind2=" ">
    <subfield code="c">BPK</subfield>
  </datafield>
  <datafield tag="041" ind1=" " ind2=" ">
    <subfield code="a">pol</subfield>
  </datafield>
  <datafield tag="044" ind1=" " ind2=" ">
    <subfield code="a">POL</subfield>
  </datafield>
  <datafield tag="084" ind1=" " ind2=" ">
    <subfield code="a">ICS 91.010.30</subfield>
  </datafield>
  <datafield tag="084" ind1=" " ind2=" ">
    <subfield code="a">ICS 91.080.10</subfield>
  </datafield>
  <datafield tag="245" ind1=" " ind2=" ">
    <subfield code="a">Eurokod 9 :</subfield>
    <subfield code="b">projektowanie konstrukcji aluminiowych.</subfield>
    <subfield code="n">Cz. 1-3,</subfield>
    <subfield code="p">Konstrukcje nara&#x17C;one na zm&#x119;czenie.</subfield>
  </datafield>
  <datafield tag="246" ind1=" " ind2=" ">
    <subfield code="a">PN-EN 1999-1-3:2011</subfield>
  </datafield>
  <datafield tag="246" ind1=" " ind2=" ">
    <subfield code="a">PN-EN 1999-1-3:2011/A1:2012</subfield>
  </datafield>
  <datafield tag="246" ind1=" " ind2=" ">
    <subfield code="a">Projektowanie konstrukcji aluminiowych</subfield>
  </datafield>
  <datafield tag="246" ind1=" " ind2=" ">
    <subfield code="a">Konstrukcje nara&#x17C;one na zm&#x119;czenie</subfield>
  </datafield>
  <datafield tag="250" ind1=" " ind2=" ">
    <subfield code="a">Zatwierdzono: 2010.11.29,</subfield>
  </datafield>
  <datafield tag="250" ind1=" " ind2=" ">
    <subfield code="a">Zatwierdzono: 2012.04.13 (dot. Zmiany A1).</subfield>
  </datafield>
  <datafield tag="260" ind1=" " ind2=" ">
    <subfield code="a">Warszawa :</subfield>
    <subfield code="b">Polski Komitet Normalizacyjny,</subfield>
    <subfield code="c">2012.</subfield>
  </datafield>
  <datafield tag="500" ind1=" " ind2=" ">
    <subfield code="a">Wprowadza: EN 1999-1-3:2007</subfield>
  </datafield>
  <datafield tag="500" ind1=" " ind2=" ">
    <subfield code="a">Wprowadza: EN 1999-1-3:2007/A1:2011</subfield>
  </datafield>
  <datafield tag="500" ind1=" " ind2=" ">
    <subfield code="a">Zast&#x119;puje: PN-EN 1999-1-3:2007</subfield>
  </datafield>
  <datafield tag="520" ind1=" " ind2=" ">
    <subfield code="a">Norm&#x119; stosuje si&#x119; do projektowania budynk&#xF3;w i konstrukcji in&#x17C;ynierskich z aluminium oraz do ich wykonywania.</subfield>
  </datafield>
  <datafield tag="653" ind1=" " ind2=" ">
    <subfield code="a">eurokod 9</subfield>
  </datafield>
  <datafield tag="653" ind1=" " ind2=" ">
    <subfield code="a">konstrukcje aluminiowe</subfield>
  </datafield>
  <datafield tag="653" ind1=" " ind2=" ">
    <subfield code="a">konstrukcje nara&#x17C;one na zm&#x119;czenie</subfield>
  </datafield>
  <datafield tag="710" ind1=" " ind2=" ">
    <subfield code="a">KT nr 128 ds. Projektowania i Wykonawstwa Konstrukcji Metalowych</subfield>
  </datafield>
  <datafield tag="780" ind1=" " ind2=" ">
    <subfield code="t">PN-EN 1999-1-3:2007</subfield>
  </datafield>
  <datafield tag="942" ind1=" " ind2=" ">
    <subfield code="c">NR</subfield>
  </datafield>
  <datafield tag="952" ind1=" " ind2=" ">
    <subfield code="0">0</subfield>
    <subfield code="1">0</subfield>
    <subfield code="4">0</subfield>
    <subfield code="7">1</subfield>
    <subfield code="a">BPK</subfield>
    <subfield code="b">BPK</subfield>
    <subfield code="c">c</subfield>
    <subfield code="d">2012-05-31</subfield>
    <subfield code="e">KS/043/12</subfield>
    <subfield code="g">79.21</subfield>
    <subfield code="i">PN 36</subfield>
    <subfield code="o">PN-EN 1999-1-3</subfield>
    <subfield code="p">02540313</subfield>
    <subfield code="w">2013-02-02</subfield>
    <subfield code="y">NR</subfield>
  </datafield>
  <datafield tag="998" ind1=" " ind2=" ">
    <subfield code="c">eg</subfield>
    <subfield code="d">2012.06.04</subfield>
  </datafield>
  <datafield tag="999" ind1=" " ind2=" ">
    <subfield code="c">77032</subfield>
    <subfield code="d">77032</subfield>
  </datafield>
  <datafield tag="856" ind1=" " ind2=" ">
    <subfield code="u">http://koha.tu.koszalin.pl/cgi-bin/koha/opac-detail.pl?biblionumber=77032</subfield>
    <subfield code="y">Katalog online BPK</subfield>
  </datafield>
</record>
